Italian Colors - Statistics

General Stats
  • This quiz has been taken 16 times
  • The average score is 7 of 10
Answer Stats
Hint Answer % Correct
Nero Black
100%
Grigio Gray
94%
Verde Green
94%
Rosso Red
88%
Bianco White
88%
Giallo Yellow
81%
Marrone Brown
69%
Blu Dark Blue
44%
Azzurro Sky Blue
25%
Castano Brown
13%
No matching quizzes found
Score Distribution
Percent of People with Each Score
Percentile by Number Answered
Your Score History
You have not taken this quiz